La catedral viva en el corazón de la ciudad /
Guardado en:
| Autor Principal: | |
|---|---|
| Formato: | Libro |
| Publicado: |
Francia :
Du Signe,
1995
|
| Materias: | |
| Etiquetas: |
Agregar Etiqueta
Sin Etiquetas, Sea el primero en etiquetar este registro!
|
| LEADER | 00531nam a22001935a 4500 | ||
|---|---|---|---|
| 001 | CEM.cems009262 | ||
| 005 | 20060214000000.0 | ||
| 008 | 130507s1995##################000#0#####d | ||
| 003 | CEMS | ||
| 082 | 0 | 4 | |a 709.02 |
| 100 | 1 | |a Coloni, Marie Jeanne | |
| 245 | 1 | 0 | |a La catedral viva en el corazón de la ciudad / |
| 260 | |a Francia : |b Du Signe, |c 1995 | ||
| 300 | |a 48 p. | ||
| 653 | |a Arquitectura religiosa | ||
| 653 | |a Arte | ||
| 653 | |a Arte gotico | ||
| 653 | |a Catedrales | ||
| 859 | |a CEMS |b BIB. CEMS - 11 de abril |h 709.02 |i C551 |p 18839.96 |t Ej.1 | ||
